000 00491nam a2200169Ia 4500
008 240729s9999 xx 000 0 und d
022 _a1472-6947
245 0 _aBMC Medical Informatics and Decision Making
260 _aUnited Kingdom
260 _bBMC
650 _a Computer applications to medicine. Medical informatics
650 _a Medicine (General)
650 _aMedicine
856 _uhttps://doaj.org/toc/2ffbdc58fc2a468a818d4b159794d9b1
942 _2ddc
942 _cDOAJEJ
999 _c74474
_d74474
945 _a1
_bMadushi Gamage
_c1
_dMadushi Gamage